Statistics for Pretty Little Liars quiz!!

Click here to take the quiz!

General Stats

  • This quiz has been taken 2,491 times
  • The average score is 13 of 15

Answer Stats

Hint Answer % Correct
Who going missing, and turns up "dead"?Alison
99%
Which of the girls took a vacation to Iceland?Aria
99%
Which of the girls gets in trouble for stealing?Hanna
99%
What teacher had an affair with his student?Mr. Fitz
99%
Which of the Liars joins the -A Team for a short time?Spencer
98%
Who is supposedly -A at the end of season 4 (August 2013)Ezra
97%
What subject does he teach?English
96%
Who hurts their arm saving her friends?Emily
95%
Who is originaly coined as -A?Mona
94%
Who has affairs with Wilden to get her daughter out of trouble?Ashley Marin
90%
Who is Redcoat?CC
83%
Where is Mona sent after she is discovered as -A?Radley
82%
Who's mother may have been murdered?Toby
64%
Who do the Liars orginally think is -A?Jenna
58%
Who is Aria's new love interest? (Season 4)Jake
50%

Score Distribution

Percentile by Number Answered

Percent of People with Each Score

Your Score History

You have not taken this quiz